| 000 | 00849nam a2200253 a 4500 | ||
|---|---|---|---|
| 001 | 000043563 | ||
| 005 | 20250609123930.0 | ||
| 008 | 140326s2014 dr 000 0 spa d | ||
| 020 | _a9789945080261 | ||
| 040 |
_aDO-SdBNP _bspa _cBNPHU |
||
| 082 |
_a398.9 _bT233c |
||
| 100 | 1 |
_aTaveras Lucas, Orlando A. _971377 |
|
| 245 | 1 | 0 |
_aCiencia y reflexiones / _cOrlando A. Taveras Lucas. |
| 260 |
_aSanto Domingo : _bImpresora Soto Castillo, _c2014. |
||
| 300 |
_a146 p. ; _c24 cm. |
||
| 500 | _aIncluye datos biográficos del autor en la solapa de la cubierta. | ||
| 590 | _aInventariado, 2018/VM | ||
| 650 | 4 |
_aCitas _vCOLECCIONES _928435 |
|
| 650 | 4 |
_aBiografías _vCOLECCIONES _971378 |
|
| 650 | 4 |
_aProverbios y refranes _918988 |
|
| 650 | 4 |
_aMáximas _914993 |
|
| 650 | 0 |
_aPalabras y frases _910914 |
|
| 910 | _aValidado. Control de calidad BNPHU | ||
| 999 |
_c43052 _d43052 |
||